000
00199nam a2200109Ia 4500
100
_a
LIM/CATHERINE.
942
_c
BK
245
_a
THE BONDMAID.
260
_b
#N/A
546
_a
ENGLISH
999
_c
23599
_d
23599